[Event "Steinfurt Bezirksliga 0405"]
[Site "Germany"]
[Date "2004.10.30"]
[Round "2.5"]
[White "Simon, Oliver"]
[Black "Muhmann, Reinhard"]
[Result "1/2-1/2"]
[WhiteElo "1703"]
[BlackElo "1529"]
[PlyCount "66"]
[EventDate "2004.09.25"]
[EventType "team-tourn"]
[EventRounds "11"]
[EventCountry "GER"]
[SourceTitle "EXT 2006"]
[Source "ChessBase"]
[SourceDate "2005.11.24"]
[SourceVersion "1"]
[SourceVersionDate "2005.11.24"]
[SourceQuality "1"]
[WhiteTeam "Westerkappeln"]
[BlackTeam "Emsdetten Rochade III"]
[WhiteTeamCountry "GER"]
[BlackTeamCountry "GER"]

1. c4 e6 2. g3 Nf6 3. Bg2 d5 4. cxd5 exd5 5. Nf3 c6 6. b3 Bg4 7. Bb2 Be7 8. 0-0 0-0 9. Ne5 Bf5 10. d4 Nbd7 11. Nd2 Re8 12. Ndf3 Bd6 13. a3 Be4 14. Nxd7 Nxd7 15. b4 Qc7 16. Rc1 h5 17. b5 Bxf3 18. Bxf3 h4 19. bxc6 hxg3 20. fxg3 bxc6 21. Bxd5 Nf6 22. Bxc6 Bxg3 23. Bxa8 Bxh2+ 24. Kh1 Qg3 25. Bg2 Qh4 26. Rf3 Bg3+ 27. Kg1 Ng4 28. Rcc3 Bf2+ 29. Rxf2 Qxf2+ 30. Kh1 Ne3 31. Rxe3 Rxe3 32. Qg1 Qh4+ 33. Qh2 Qe1+ 1/2-1/2

[Event "Steinfurt Bezirksliga 0304"]
[Site "Germany"]
[Date "2004.05.08"]
[Round "8.6"]
[White "Ottens, Josef"]
[Black "Simon, Oliver"]
[Result "0-1"]
[WhiteElo "1520"]
[BlackElo "1725"]
[PlyCount "104"]
[EventDate "2003.10.18"]
[EventType "team-tourn"]
[EventRounds "9"]
[EventCountry "GER"]
[SourceTitle "EXT 2005"]
[Source "ChessBase"]
[SourceDate "2004.11.15"]
[SourceVersion "1"]
[SourceVersionDate "2004.11.15"]
[SourceQuality "1"]
[WhiteTeam "Steinfurt II"]
[BlackTeam "Westerkappeln"]
[WhiteTeamCountry "GER"]
[BlackTeamCountry "GER"]

1. e4 c5 2. Nf3 d6 3. d4 cxd4 4. Nxd4 Nf6 5. Nc3 g6 6. Bc4 Bg7 7. 0-0 0-0 8. Nde2 Nc6 9. a3 Bd7 10. Kh1 Ne5 11. Bb3 Bc6 12. f3 Rc8 13. Nd4 Bd7 14. Nde2 Nc4 15. Qd3 Be6 16. Nf4 Ne5 17. Nxe6 Nxd3 18. Nxd8 Nxc1 19. Bxf7+ Rxf7 20. Nxf7 Kxf7 21. Raxc1 a6 22. Rcd1 Nd7 23. f4 Nb6 24. e5 Nc4 25. Rb1 Nd2 26. Rbd1 Nxf1 27. Rxf1 dxe5 28. fxe5+ Ke8 29. Re1 Rc5 30. Re2 Bxe5 31. Na4 Rd5 32. g3 Bf6 33. Kg2 Rd6 34. b3 Rc6 35. c4 b5 36. cxb5 axb5 37. Nb2 Rc3 38. Nd1 Rxb3 39. Re3 Rxe3 40. Nxe3 Bb2 41. Nc2 Kd7 42. Kf3 Kd6 43. Ke4 Kc5 44. Kd3 e6 45. h3 h6 46. g4 g5 47. Ne1 Bxa3 48. Nf3 Kd5 49. h4 e5 50. Nd2 gxh4 51. Ne4 h3 52. Ke3 h2 0-1

[Event "Steinfurt Bezirksliga 0304"]
[Site "Germany"]
[Date "2003.12.20"]
[Round "3.5"]
[White "Simon, Oliver"]
[Black "Mehring, Franz Josef"]
[Result "1-0"]
[WhiteElo "1725"]
[BlackElo "1655"]
[PlyCount "27"]
[EventDate "2003.10.18"]
[EventType "team-tourn"]
[EventRounds "9"]
[EventCountry "GER"]
[SourceTitle "EXT 2005"]
[Source "ChessBase"]
[SourceDate "2004.11.15"]
[SourceVersion "1"]
[SourceVersionDate "2004.11.15"]
[SourceQuality "1"]
[WhiteTeam "Westerkappeln"]
[BlackTeam "Ibbenbueren II"]
[WhiteTeamCountry "GER"]
[BlackTeamCountry "GER"]

1. d4 d5 2. Nf3 Nf6 3. g3 e6 4. Bg2 c5 5. e3 Nc6 6. 0-0 Bd6 7. b3 0-0 8. Bb2 b5 9. dxc5 Bxc5 10. Nbd2 Ba6 11. Ne5 Nxe5 12. Bxe5 Ng4 13. Qxg4 f5 14. Qxg7# 1-0

[Event "Steinfurt Bezirksliga 0304"]
[Site "Germany"]
[Date "2003.11.22"]
[Round "2.6"]
[White "Simon, Oliver"]
[Black "Winter, Reinhold"]
[Result "1/2-1/2"]
[WhiteElo "1725"]
[BlackElo "1521"]
[PlyCount "68"]
[EventDate "2003.10.18"]
[EventType "team-tourn"]
[EventRounds "9"]
[EventCountry "GER"]
[SourceTitle "EXT 2005"]
[Source "ChessBase"]
[SourceDate "2004.11.15"]
[SourceVersion "1"]
[SourceVersionDate "2004.11.15"]
[SourceQuality "1"]
[WhiteTeam "Westerkappeln"]
[BlackTeam "Neuenkirchen II"]
[WhiteTeamCountry "GER"]
[BlackTeamCountry "GER"]

1. d4 Nf6 2. Nf3 e6 3. e3 d5 4. Bd3 c5 5. 0-0 Nc6 6. b3 a6 7. c4 dxc4 8. Bxc4 cxd4 9. Nxd4 Nxd4 10. exd4 b5 11. Be2 Bb7 12. Be3 Be7 13. Nd2 0-0 14. Bf3 Qd7 15. Bxb7 Qxb7 16. Qf3 Nd5 17. Ne4 Rac8 18. Nc5 Qa7 19. Rfc1 Nxe3 20. Qxe3 h6 21. b4 Bg5 22. f4 Bf6 23. Rd1 Rfd8 24. Rd3 Rd5 25. Rad1 Rcd8 26. Kf1 Kf8 27. g3 Qb6 28. Qe4 g6 29. Qe3 Kg7 30. Qf2 h5 31. h4 Qc6 32. Qe3 Qb6 33. Qf2 Qa7 34. Qe3 Qb6 1/2-1/2

[Event "Steinfurt Bezirksliga 0203"]
[Site "Germany"]
[Date "2003.04.26"]
[Round "8.6"]
[White "Simon, Oliver"]
[Black "Winkelsett, Carsten"]
[Result "1-0"]
[WhiteElo "1689"]
[BlackElo "1531"]
[PlyCount "77"]
[EventDate "2002.09.14"]
[EventType "team-tourn"]
[EventRounds "9"]
[EventCountry "GER"]
[SourceTitle "EXT 2004"]
[Source "ChessBase"]
[SourceDate "2003.11.25"]
[SourceVersion "1"]
[SourceVersionDate "2003.11.25"]
[SourceQuality "1"]
[WhiteTeam "Westerkappeln"]
[BlackTeam "Reckenfeld"]
[WhiteTeamCountry "GER"]
[BlackTeamCountry "GER"]

1. d4 d5 2. c4 Nf6 3. Nf3 e6 4. Nc3 b6 5. Ne5 Bb7 6. Bg5 Be7 7. Qa4+ c6 8. cxd5 Nxd5 9. Bxe7 Nxe7 10. e3 0-0 11. Nf3 Nd7 12. Be2 Nf6 13. 0-0 Ned5 14. Rac1 b5 15. Qb3 Qd6 16. Ne5 a6 17. Nd3 Nd7 18. Ne4 Qe7 19. Nec5 Nxc5 20. Nxc5 Bc8 21. Rc2 e5 22. dxe5 Qxe5 23. Nd3 Qg5 24. Rxc6 Nxe3 25. fxe3 Bb7 26. Bf3 Bxc6 27. Bxc6 Qxe3+ 28. Kh1 Rad8 29. Bd5 Rd7 30. Re1 Qd4 31. Ne5 Qxd5 32. Nxd7 Qxd7 33. Rd1 Qf5 34. Qe3 Qc8 35. Qd4 g6 36. Kg1 Qe8 37. Qd6 Qe6 38. Qxe6 fxe6 39. Rd6 1-0

[Event "Steinfurt Bezirksliga 0203"]
[Site "Germany"]
[Date "2003.02.22"]
[Round "6.5"]
[White "Huesmann, Stephan"]
[Black "Simon, Oliver"]
[Result "0-1"]
[WhiteElo "1608"]
[BlackElo "1689"]
[PlyCount "86"]
[EventDate "2002.09.14"]
[EventType "team-tourn"]
[EventRounds "9"]
[EventCountry "GER"]
[SourceTitle "EXT 2004"]
[Source "ChessBase"]
[SourceDate "2003.11.25"]
[SourceVersion "1"]
[SourceVersionDate "2003.11.25"]
[SourceQuality "1"]
[WhiteTeam "Mesum"]
[BlackTeam "Westerkappeln"]
[WhiteTeamCountry "GER"]
[BlackTeamCountry "GER"]

1. e4 c5 2. Nf3 d6 3. d4 cxd4 4. Nxd4 Nf6 5. Nc3 g6 6. f3 Bg7 7. Be3 0-0 8. g4 Nc6 9. h4 Qb6 10. Qd2 Nxe4 11. Nxc6 Qxb2 12. Nxe7+ Kh8 13. Nxe4 Qxa1+ 14. Kf2 Re8 15. Nd5 Rxe4 16. fxe4 Bxg4 17. c3 Qd1 18. Qxd1 Bxd1 19. Bd3 Bg4 20. Bd4 Be6 21. Bxg7+ Kxg7 22. h5 h6 23. hxg6 fxg6 24. Nc7 Rf8+ 25. Ke3 Bg4 26. Rg1 Rf3+ 27. Kd4 Bd7 28. Rf1 Rxf1 29. Bxf1 Bc6 30. Bb5 Kf6 31. Nd5+ Ke6 32. a4 g5 33. Nb4 Bxb5 34. axb5 h5 35. Nd3 a5 36. b6 h4 37. c4 h3 38. c5 h2 39. Nf2 dxc5+ 40. Kxc5 g4 41. Nh1 Ke5 42. Kb5 Kxe4 43. Kxa5 Kf3 0-1

[Event "Steinfurt Bezirksliga 0203"]
[Site "Germany"]
[Date "2003.01.25"]
[Round "5.5"]
[White "Simon, Oliver"]
[Black "Pfeiffer, Erich"]
[Result "1/2-1/2"]
[WhiteElo "1689"]
[BlackElo "1665"]
[PlyCount "34"]
[EventDate "2002.09.14"]
[EventType "team-tourn"]
[EventRounds "9"]
[EventCountry "GER"]
[SourceTitle "EXT 2004"]
[Source "ChessBase"]
[SourceDate "2003.11.25"]
[SourceVersion "1"]
[SourceVersionDate "2003.11.25"]
[SourceQuality "1"]
[WhiteTeam "Westerkappeln"]
[BlackTeam "Emsdetten Rochade II"]
[WhiteTeamCountry "GER"]
[BlackTeamCountry "GER"]

1. d4 d5 2. Nf3 Nf6 3. c4 c6 4. Nc3 g6 5. e3 Bg7 6. Be2 Bg4 7. 0-0 Nbd7 8. b3 0-0 9. Bb2 Rc8 10. Re1 Re8 11. h3 Bxf3 12. Bxf3 e6 13. e4 dxe4 14. Nxe4 Nxe4 15. Bxe4 Nf6 16. Bf3 Qb6 17. Bc1 Rcd8 1/2-1/2